MLB Logos Quiz - Statistics

General Stats
  • This quiz has been taken 157 times
  • The average score is 27 of 30
Answer Stats
Picture Answer % Correct
Chicago White Sox
99%
Chicago Cubs
98%
Boston Red Sox
97%
Cincinnati Reds
97%
New York Yankees
96%
Oakland Athletics
96%
Houston Astros
95%
Toronto Blue Jays
95%
Baltimore Orioles
94%
Los Angeles Angels
94%
Los Angeles Dodgers
94%
Arizona Diamondbacks
93%
Detroit Tigers
93%
St. Louis Cardinals
93%
Kansas City Royals
92%
Miami Marlins
92%
New York Mets
91%
Phillies
90%
San Diego Padres
90%
Pittsburgh Pirates
88%
San Francisco Giants
87%
Seattle Mariners
86%
Tampa Bay Rays
86%
Colorado Rockies
84%
Milwaukee Brewers
84%
Texas Rangers
84%
Atlanta Braves
82%
Washington Nationals
82%
Cleveland Guardians
81%
Minnesota Twins
77%
No matching quizzes found
Score Distribution
Percent of People with Each Score
Percentile by Number Answered
Your Score History
You have not taken this quiz